=LDR 00000nam 2200000 4500 =001 INLIS000000000041401 =005 20200130110720 =035 ##$$a 0010-061300000041401 =008 200130################g##########0#ind## =041 ##$$a ind =082 ##$$a 001.5 =090 ##$$a 001.5, Pem p =245 1#$$a Pemanfaatan teknologi informasi dan komunikasi pada industri kecil dan menengah di daerah /$c S. Arifianto dkk =260 ##$$a Jakarta :$b Puslitbang Aplikasi Informatika dan Informasi dan Komunikasi Publik,$c 2011 =300 ##$$a iv, 186 hlm ; $c 21 x 14,5 cm =650 #4$$a Komunikasi informasi Teknis =700 #$$a S. Arifianto =850 ##$$a NNT-CD =020 ##$$a 978-602-99599-3-2 =084 ##$$a 001.5 PEM p =100 #$$a Pemanfaatan teknologi informasi dan komunikasi pada industri kecil dan menengah di daerah =504 ##$$a Bibliografi : Halaman 185 - 186 =990 ##$$a 31200175